[Event "Moscow ol (Men)"]
[Site "Moscow"]
[Date "1994.??.??"]
[Round "10"]
[White "Hracek, Zbynek"]
[Black "Kotronias, Vasilios"]
[Result "1-0"]
[WhiteElo "2530"]
[BlackElo "2545"]

1.e4 c5 2.Nf3 Nc6 3.d4 cxd4 4.Nxd4 Nf6 5.Nc3 d6 6.Bg5 e6 7.Qd2 a6 8.O-O-O Bd7
9.f3 Be7 10.Kb1 O-O 11.h4 Rc8 12.Nxc6 Bxc6 13.Qe1 Qc7 14.Bd3 b5 15.Ne2 b4
16.Nd4 a5 17.Nxc6 Qxc6 18.Qe2 Rb8 19.g4 a4 20.h5 Rfc8 21.h6 b3 22.cxb3 axb3
23.hxg7 bxa2+ 24.Ka1 Qc5 25.Be3 Rxb2 26.Bxc5 Rxe2 27.Bxe2 Rxc5 28.Rc1 Rxc1+
29.Rxc1 Kxg7 30.Kxa2 h5 31.g5 Ng8 32.Rg1 e5 33.f4 exf4 34.Bxh5 f3 35.Bxf3 Kg6
36.Rd1 Kxg5 37.Rd5+ Kg6 38.Rb5 Bg5 39.Kb3 Nf6 40.Kc4 Bf4 41.Rb7 Be5 42.Kd3 Bf4
43.Kd4 Be5+ 44.Kd3 Bf4 45.Bd1 Nh7 46.Bh5+ Kxh5 47.Rxf7 Kg4 48.Rxh7 Kf3 49.Rf7 Kg3
50.Rf6 Kf3 51.Rf8 Kg3 52.Ke2 Be5 53.Ke3 Kg2 54.Rg8+ Kf1 55.Kf3 Ke1 56.Rg2 Bd4
57.Ra2  1-0

[Event "Moscow ol (Women)"]
[Site "Moscow"]
[Date "1994.??.??"]
[Round "10"]
[White "Roschina, Tatiana"]
[Black "Nutu Gajic, Dana"]
[Result "0-1"]
[WhiteElo "2180"]
[BlackElo "2345"]

1.e4 c5 2.Nf3 d6 3.d4 Nf6 4.Nc3 cxd4 5.Nxd4 Nc6 6.Bg5 e6 7.Qd2 a6 8.O-O-O Bd7
9.f4 b5 10.e5 h6 11.exf6 hxg5 12.Nxc6 Bxc6 13.fxg7 Bxg7 14.Qxd6 Qxd6 15.Rxd6 Rc8
16.fxg5 Be5 17.Rd1 Bf4+ 18.Kb1 Bxg5 19.a4 bxa4 20.Bxa6 Rb8 21.Rd6 Bxg2 22.Rg1 Rxh2
23.Bb5+ Kf8 24.Bxa4 Bf6 25.Rd3 Rh1 26.Rxh1 Bxh1 27.Rh3 Bg2 28.Rg3 Ba8 29.Bb3 Rb4
30.Kc1 Bc6 31.Kd2 Rh4 32.Kd3 Rd4+ 33.Ke2 Bb7 34.Ke3 Rh4 35.Nd1 Be5 36.Rf3 Bxf3
37.Kxf3 Ke7 38.c3 f5 39.Ne3 Rh3+ 40.Kf2 Rh2+ 41.Ng2 Rh8 42.Bc4 Rb8 43.b4 Bxc3
44.b5 Rc8 45.Bd3 Bd4+ 46.Ke2 Kf6 47.Nf4 Bb6 48.Bb1 Rc5 49.Bd3 Rc7 50.Kf3 Rh7
51.Bf1  0-1

[Event "Moscow ol (Men)"]
[Site "Moscow"]
[Date "1994.??.??"]
[Round "11"]
[White "Arencibia, Walter"]
[Black "San Segundo, Pablo"]
[Result "1/2-1/2"]
[WhiteElo "2480"]
[BlackElo "2485"]

1.e4 c5 2.Nf3 d6 3.d4 cxd4 4.Nxd4 Nf6 5.Nc3 Nc6 6.Bg5 e6 7.Qd2 a6 8.O-O-O h6
9.Bf4 Bd7 10.Nxc6 Bxc6 11.Qe1 Qc7 12.f3 Be7 13.h4 b5 14.Bd3 b4 15.Ne2 e5
16.Bd2 a5 17.Ng3 Bd7 18.Kb1 O-O 19.Nf5 Bxf5 20.exf5 d5 21.g4 e4 22.fxe4 Nxg4
23.Rg1 h5 24.exd5 Bc5 25.Rg2 Rad8 26.f6 Rfe8 27.Qf1 g6 28.Bf4 Bd6 29.Bg5 Re5
30.Qf3 Qd7 31.Bf4 Ree8 32.Bxd6 Qxd6 33.Bxg6 Qxd5 34.Qxd5 Rxd5 35.Bd3 Kf8
36.Rgg1 Ree5 37.Rdf1 Rd6 38.a3 b3 39.Rf3 bxc2+ 40.Bxc2 Rxf6 41.Rxf6 Nxf6
42.Bd1 Nd5 43.Ka2 Ke7 44.Kb3 Kd6 45.Rg7 Ne3 46.Rg1  1/2-1/2

[Event "Moscow ol (Men)"]
[Site "Moscow"]
[Date "1994.??.??"]
[Round "11"]
[White "Akopian, Vladimir"]
[Black "Kozul, Zdenko"]
[Result "1/2-1/2"]
[WhiteElo "2630"]
[BlackElo "2575"]

1.e4 c5 2.Nf3 d6 3.d4 cxd4 4.Nxd4 Nf6 5.Nc3 Nc6 6.Bg5 e6 7.Qd2 a6 8.O-O-O Bd7
9.f4 h6 10.Bh4 g5 11.fxg5 Ng4 12.Be2 Nge5 13.Nxc6 Bxc6 14.g3 Ng6 15.Kb1 Be7
16.gxh6 Nxh4 17.gxh4 Bf6 18.Rhf1 Qe7 19.Bg4 Be5 20.Qg5 Qxg5 21.hxg5 Ke7 22.h4 f6
23.Rg1 Rag8 24.Bf3 Bf4 25.Rg4 fxg5 26.hxg5 Be3 27.Re1 Bxg5 28.Reg1 Rf8 29.Rxg5 Rxf3
30.Rh5 Rf6 31.Rgh1 Rf4 32.b3 Rh7 33.Re1 Rf6 34.Reh1 Rf4 35.R5h4 Rxh4 36.Rxh4 Kf6
37.Rh1 Ke5 38.Kc1 Bxe4 39.Re1 d5 40.Nxe4 dxe4 41.Rh1 Kf4 42.Kd2 Kg5 43.Rg1+ Kf6
44.Rf1+ Kg6 45.Ke3 Rxh6 46.Rf2 Rh4 47.c4 a5 48.Rf8 Rh2 49.Kxe4 Rxa2 50.Rb8 a4
51.bxa4  1/2-1/2

[Event "Moscow ol (Men)"]
[Site "Moscow"]
[Date "1994.??.??"]
[Round "13"]
[White "Wallace, John Paul"]
[Black "Greenfeld, Alon"]
[Result "1/2-1/2"]
[WhiteElo "2345"]
[BlackElo "2600"]

1.e4 c5 2.Nf3 Nc6 3.d4 cxd4 4.Nxd4 Nf6 5.Nc3 d6 6.Bg5 e6 7.Qd2 Be7 8.O-O-O O-O
9.f4 h6 10.Bh4 Bd7 11.Qe1 Nxd4 12.Rxd4 Rc8 13.e5 dxe5 14.fxe5 Nd5 15.Bxe7 Qxe7
16.Ne4 Bc6 17.Bd3 f5 18.exf6 Nxf6 19.Nxf6+ Rxf6 20.Qg3 Bd5 21.Kb1 Qc7 22.Qg4 Rcf8
23.h4 Qf7 24.b3 Rf2 25.Rg1 Qf6 26.Ra4 a6 27.g3 e5 28.Bc4 Bxc4 29.Rxc4 Qf5
30.Qxf5 R8xf5 31.Kb2 Rf7 32.Re1 Re7 33.Re3 Kf7 34.Kc3 Kf6 35.a4 h5 36.a5 Rd7
37.b4 g6 38.Rc5 Re7 39.Rc8 Ke6 40.Kd3 Rd7+ 41.Kc3 Rff7 42.Kb3 Rc7 43.Re8+ Rfe7
44.Rf8 Rf7 45.Re8+ Rfe7 46.Rf8  1/2-1/2

[Event "Moscow ol (Men)"]
[Site "Moscow"]
[Date "1994.??.??"]
[Round "13"]
[White "Bryson, Douglas M"]
[Black "Damaso, Rui"]
[Result "0-1"]
[WhiteElo "2370"]
[BlackElo "2420"]

1.e4 c5 2.Nf3 d6 3.d4 cxd4 4.Nxd4 Nf6 5.Nc3 Nc6 6.Bg5 e6 7.Qd2 a6 8.O-O-O h6
9.Be3 Ng4 10.Nxc6 bxc6 11.Bc5 Bb7 12.Qf4 Qg5 13.Qxg5 hxg5 14.Be2 dxc5 15.Bxg4 Rd8
16.h3 Bd6 17.Kd2 Be5+ 18.Ke2 Rd4 19.Rxd4 cxd4 20.Na4 Ke7 21.Rd1 Rb8 22.c3 dxc3
23.bxc3 a5 24.Nc5 Bc8 25.Kd3 Bd6 26.Nb3 a4 27.Nd4 Bd7 28.Kc2 c5 29.Ne2 Bb5
30.Rd2 a3 31.g3 Bc6 32.Bf3 Be5 33.Kd3 f5 34.Ke3 Rb2 35.c4 g4 36.hxg4 fxe4
37.Bg2 Rxd2 38.Kxd2 e3+ 39.Kxe3 Bxg2 40.f3 Bf1  0-1

[Event "Moscow ol (Men)"]
[Site "Moscow"]
[Date "1994.??.??"]
[Round "14"]
[White "Svidler, Peter"]
[Black "Lutz, Christopher"]
[Result "1-0"]
[WhiteElo "2550"]
[BlackElo "2580"]

1.e4 c5 2.Nf3 d6 3.d4 cxd4 4.Nxd4 Nf6 5.Nc3 Nc6 6.Bg5 e6 7.Qd2 a6 8.O-O-O h6
9.Be3 Bd7 10.f4 b5 11.Bd3 Qc7 12.Kb1 Na5 13.Qe1 Nc4 14.Bc1 b4 15.Nce2 a5
16.h3 Be7 17.g4 Rc8 18.Ng3 Qb6 19.Qg1 Qc5 20.h4 Nxg4 21.Bxc4 Qxc4 22.Nh5 f5
23.Nxg7+ Kf7 24.Nh5 a4 25.Rh3 Kg6 26.Ng3 h5 27.Rh2 Bf6 28.Rhd2 Rhd8 29.b3 axb3
30.cxb3 Qc5 31.Bb2 Rc7 32.Qg2 Rdc8 33.Ndxf5 exf5 34.Rxd6 Bb5 35.e5 Kh7 36.exf6 Ne3
37.Qf3 Be8 38.R1d2 Nc2 39.Rd7+ Rxd7 40.Rxd7+ Kh6 41.f7 Na3+ 42.Bxa3 Bxd7
43.f8=Q+ Qxf8 44.Qxh5+ Kg7 45.Bb2+ Rc3 46.Qg5+ Kh7 47.Bxc3 bxc3 48.Kc2 Qa3
49.Kxc3 Qc5+ 50.Kd2 Qd4+ 51.Ke1 Qa1+ 52.Kf2 Qxa2+ 53.Kg1 Qxb3 54.Kh2 Qb2+
55.Kh3 Qg7 56.Qh5+ Qh6 57.Qd1 Qe6 58.Qd4 Be8 59.Qd8 Qg6 60.Qe7+ Bf7 61.Kh2 Qe6
62.Qg5 Bg6 63.Kh3 Qd5 64.h5 Bf7 65.Kh4 Be6 66.Qg6+ Kh8 67.Qf6+ Kh7 68.Kg5 Qd7
69.Nxf5 Qf7 70.Qg6+ Kh8 71.Qxf7 Bxf7 72.Nd6 Bb3 73.Kg6 Bc2+ 74.f5 Bb3 75.h6 Bc2
76.Nf7+  1-0

[Event "New York op"]
[Site "New York"]
[Date "1994.??.??"]
[Round "5"]
[White "Morris, Matthew"]
[Black "Dlugy, Maxim"]
[Result "0-1"]
[WhiteElo "2315"]
[BlackElo "2555"]

1.e4 c5 2.Nf3 d6 3.d4 cxd4 4.Nxd4 Nf6 5.Nc3 Nc6 6.Bg5 e6 7.Qd2 a6 8.O-O-O h6
9.Bf4 Bd7 10.Bg3 Be7 11.Kb1 O-O 12.Nb3 e5 13.f3 b5 14.Bf2 Qc7 15.g4 Rfb8
16.h4 b4 17.Ne2 a5 18.g5 Nh5 19.gxh6 g6 20.Ng3 a4 21.Nc1 Nxg3 22.Bxg3 Nd4
23.Bf2 Nxf3 24.Qd3 Rc8 25.Be2 Bb5 26.Qxf3 Qxc2+ 27.Ka1 a3 28.Qb3 Bxe2 29.Nxe2 Qxe2
30.Rhf1 axb2+ 31.Kb1 Qxe4+ 32.Kxb2 Rc2+  0-1

[Event "New York op"]
[Site "New York"]
[Date "1994.??.??"]
[Round "8"]
[White "Abbasi, Nasser M"]
[Black "Gonzalez Garcia, Jose"]
[Result "1/2-1/2"]
[WhiteElo "2275"]
[BlackElo "2420"]

1.e4 c5 2.Nf3 d6 3.d4 cxd4 4.Nxd4 Nf6 5.Nc3 Nc6 6.Bg5 e6 7.Qd2 a6 8.O-O-O h6
9.Bf4 Bd7 10.Nxc6 Bxc6 11.Qe1 Qc7 12.Bc4 Be7 13.Bb3 b5 14.f3 O-O 15.Kb1 b4
16.e5 dxe5 17.Bxe5 Qa5 18.Bxf6 Bxf6 19.Ne4 Be7 20.Nf2 Qf5 21.Ng4 a5 22.Bc4 Bb5
23.Qg3 Kh8 24.Bxb5 Qxb5 25.Qc7 Rfe8 26.Qe5 Qxe5 27.Nxe5 Kg8 28.Rd7 Rad8 29.Rhd1 Rxd7
30.Rxd7 Rd8 31.Rxd8+ Bxd8 32.a4 bxa3 33.bxa3 Bc7 34.Nc4 Kf8 35.h3 Ke7 36.Ka2 Kd7
37.Kb3 Kc6 38.Ka4 Kc5 39.Nxa5 Bxa5 40.Kxa5 e5 41.Ka4 Kc4 42.g4 f6 43.Ka5 g6
44.Kb6 f5 45.gxf5 gxf5 46.a4 e4 47.fxe4 fxe4 48.a5 e3 49.a6 e2 50.a7 e1=Q
51.a8=Q Qe3+ 52.Kc7 Qe7+  1/2-1/2

[Event "New York op"]
[Site "New York"]
[Date "1994.??.??"]
[Round "8"]
[White "Stefansson, Hannes"]
[Black "Tischbierek, Raj"]
[Result "1-0"]
[WhiteElo "2525"]
[BlackElo "2490"]

1.e4 c5 2.Nf3 d6 3.d4 cxd4 4.Nxd4 Nf6 5.Nc3 Nc6 6.Bg5 e6 7.Qd2 a6 8.O-O-O h6
9.Be3 Qc7 10.f3 Rb8 11.Kb1 Be7 12.g4 Ne5 13.h4 b5 14.Qg2 b4 15.Nce2 Nc4 16.Bc1 e5
17.Nb3 Be6 18.g5 Nh5 19.f4 Rc8 20.Ka1 g6 21.Qf3 exf4 22.Nxf4 Nxf4 23.Bxc4 Qxc4
24.Bxf4 hxg5 25.Bxg5 Bxg5 26.hxg5 Rxh1 27.Qxh1 a5 28.Qh8+ Kd7 29.Qe5 a4 30.Qxd6+ Ke8
31.Rh1 Bh3 32.Nd4 Rc5 33.Qf6 a3 34.Rxh3  1-0

[Event "Nice"]
[Site "Nice"]
[Date "1994.??.??"]
[Round "9"]
[White "Santo Roman, Marc"]
[Black "Palac, Mladen"]
[Result "1/2-1/2"]
[WhiteElo "2440"]
[BlackElo "2505"]

1.e4 c5 2.Nf3 d6 3.d4 cxd4 4.Nxd4 Nf6 5.Nc3 Nc6 6.Bg5 e6 7.Qd2 a6 8.O-O-O h6
9.Be3 Bd7 10.f4 Be7 11.h3 b5 12.Bd3 Nxd4 13.Bxd4 b4 14.Ne2 e5 15.Be3 Qa5
16.Kb1 O-O  1/2-1/2

[Event "JUG-chT"]
[Site "Nis"]
[Date "1994.??.??"]
[Round "?"]
[White "Krunic, Dusan"]
[Black "Pavlovic, Dean"]
[Result "0-1"]
[WhiteElo "2240"]
[BlackElo "2405"]

1.e4 c5 2.Nf3 Nc6 3.d4 cxd4 4.Nxd4 Nf6 5.Nc3 d6 6.Bg5 e6 7.Qd2 a6 8.O-O-O h6
9.Bf4 Bd7 10.Nb3 Ne5 11.f3 Be7 12.Qf2 Qc7 13.Be3 Neg4 14.fxg4 Nxg4 15.Bb6 Nxf2
16.Bxc7 Nxh1 17.Be2 Nf2 18.Rf1 Rc8 19.Bb6 Rxc3 20.Bxf2 Rc8 21.Rd1 Bc6 22.Bf3 O-O
23.Na5 Bg5+ 24.Kb1 Bf4 25.h4 Be5 26.b3 b5 27.c4 Ba8 28.Be1 f5 29.exf5 Bxf3
30.gxf3 Rxf5 31.cxb5 axb5 32.Rd3 Rcf8  0-1

[Event "JUG-chT"]
[Site "Nis"]
[Date "1994.??.??"]
[Round "?"]
[White "Sekularac, Predrag"]
[Black "Arsovic, Zoran"]
[Result "0-1"]
[WhiteElo "2220"]
[BlackElo "2325"]

1.e4 c5 2.Nf3 d6 3.d4 cxd4 4.Nxd4 Nf6 5.Nc3 Nc6 6.Bg5 e6 7.Qd2 a6 8.O-O-O h6
9.Be3 Be7 10.f3 Nxd4 11.Bxd4 b5 12.Qf2 Bd7 13.e5 dxe5 14.Bxe5 Qa5 15.Kb1 Bc6
16.Bxf6 gxf6 17.Bd3 f5 18.Qd4 Rg8 19.Qe5 O-O-O 20.Bxf5 Qc7 21.Qxc7+ Kxc7
22.Rxd8 Bxd8 23.Bh3 Bf6 24.Ne2 Rd8 25.Nc1 b4 26.Nd3 a5 27.f4 Bb5 28.Rd1 Rd4
29.g3 Re4 30.Bg4 a4 31.b3 a3 32.Bh5 Bc3 33.Nf2 Re3 34.Bxf7 Re2 35.Ng4 Bd3
36.Rc1 Bh7 37.Bh5 Bb2 38.Nf6 Rxh2 39.Nxh7 Bxc1  0-1

[Event "NLD-ch op"]
[Site "?"]
[Date "1994.??.??"]
[Round "?"]
[White "Lanka, Zigurds"]
[Black "Van der Wiel, John TH"]
[Result "1/2-1/2"]
[WhiteElo "2540"]
[BlackElo "2555"]

1.e4 c5 2.Nf3 d6 3.d4 cxd4 4.Nxd4 Nf6 5.Nc3 Nc6 6.Bg5 e6 7.Qd2 a6 8.O-O-O Bd7
9.f4 h6 10.Bh4 g5 11.fxg5 Ng4 12.Nf3 hxg5 13.Bg3 Be7 14.Kb1 Nge5 15.Bd3 Nxf3
16.gxf3 Qc7 17.Bf2 Ne5 18.Be2 Rh3 19.Be3 f6 20.f4 gxf4 21.Bxf4 O-O-O 22.Rhg1 Rdh8
23.Rg2 Qc5 24.Rdg1 Bc6 25.Rg8+ Rxg8 26.Rxg8+ Kc7 27.Rg7 Kd8 28.a3 Bf8 29.Rg8 Ke7
30.Bd3 Be8 31.Rg3 Rxg3 32.Bxg3 Nxd3 33.cxd3 Bg6 34.Bf4 Kf7 35.Ka2 f5 36.Be3 Qc6
37.Qf2 Ke8 38.Qg3 Bf7 39.Kb1 Qd7 40.exf5 exf5 41.Bf4 Qe6 42.Kc2 Kd7 43.Qg1 Qg6
44.Qxg6 Bxg6 45.d4 Bg7 46.Kd3 b5 47.Ke3 Bf6 48.Nd5 Bd8 49.Kd3 Bh5 50.Ke3 Ke6
51.Nc3 Bf6 52.b3 Bf7 53.b4 Kd7 54.Bh6 Kc6 55.Ne2 Kd5 56.Kd3 Ke6 57.Nc3 Kd7
58.Bf4 Kc6 59.Ke3 Bc4 60.Bg3 Bg5+ 61.Bf4 Bf6 62.Bg3 Bg5+  1/2-1/2

[Event "NLD-ch op"]
[Site "?"]
[Date "1994.??.??"]
[Round "?"]
[White "Ziatdinov, Raset"]
[Black "Vydeslaver, Alik"]
[Result "1/2-1/2"]
[WhiteElo "2410"]
[BlackElo "2350"]

1.e4 c5 2.Nf3 d6 3.d4 cxd4 4.Nxd4 Nf6 5.Nc3 Nc6 6.Bg5 e6 7.Qd2 a6 8.O-O-O Bd7
9.f4 h6 10.Bh4 g5 11.fxg5 Ng4 12.Be2 Nge5 13.Nf3 Be7 14.Rhg1 Rg8 15.Bg3 hxg5
16.Nxe5 Nxe5 17.Bxe5 dxe5 18.Bh5 Rh8 19.Bxf7+ Kxf7 20.Qxd7 Qxd7 21.Rxd7 b5
22.h3 Rh4 23.a3 Rf4 24.g3 Rf3 25.Rd3 Rxd3 26.cxd3 Kg6 27.Kd2 Bc5 28.Rg2 Rh8
29.Rh2 g4 30.h4 Kh5 31.Ne2 Rf8 32.Rg2 Rf3 33.Kc3 Bf2 34.Kd2 Bc5 35.Kc3 Bf2  1/2-1/2

[Event "NLD-ch op"]
[Site "?"]
[Date "1994.??.??"]
[Round "?"]
[White "Van der Wiel, John TH"]
[Black "Huzman, Alexander"]
[Result "1/2-1/2"]
[WhiteElo "2555"]
[BlackElo "2575"]

1.e4 c5 2.Nf3 d6 3.d4 cxd4 4.Nxd4 Nf6 5.Nc3 Nc6 6.Bg5 e6 7.Qd2 Be7 8.O-O-O O-O
9.Nb3 Qb6 10.f3 Rd8 11.Kb1 d5 12.Bxf6 Bxf6 13.exd5 Bxc3 14.Qxc3 exd5 15.Qc5 Qxc5
16.Nxc5 Na5 17.Bd3 b6 18.Nb3 Nxb3 19.axb3 Bb7 20.Rhe1 Re8 21.Kc1 Kf8 22.Kd2 a5
23.Rxe8+ Kxe8 24.Kc3 Ke7 25.Kd4 Kd6 26.Re1 Bc6 27.f4 h6 28.Re3 Ra7 29.Rg3 f6
30.Re3 Re7 31.Rxe7 Kxe7 32.Be2 Kd6 33.Bf3 g5 34.g3 Bb7 35.c4 Bc8 36.cxd5 Bd7
37.b4 axb4 38.Kc4 b3 39.Bd1 Ba4 40.Kb4 Bd7 41.Bxb3 Kc7 42.Bc2 Kd6 43.Kc4 Kc7
44.Bg6 Kd6 45.Bf7 Ke7 46.Bg8 Kd6 47.b4 Be8 48.Be6 Kc7 49.Kd4 Kd6 50.Ke4 Bg6+
51.Bf5 Be8 52.h4 Ba4 53.Kd4 Bd1 54.Bd3 Bf3 55.Be4 Bd1 56.Bg2 Bb3 57.Bh1 Ba2
58.Bf3 Bb3 59.Be4 Ba2 60.hxg5 hxg5  1/2-1/2

[Event "NLD-ch op"]
[Site "?"]
[Date "1994.??.??"]
[Round "?"]
[White "Van der Wiel, John TH"]
[Black "Vydeslaver, Alik"]
[Result "1-0"]
[WhiteElo "2555"]
[BlackElo "2350"]

1.e4 c5 2.Nf3 d6 3.d4 cxd4 4.Nxd4 Nf6 5.Nc3 Nc6 6.Bg5 e6 7.Qd2 Be7 8.O-O-O O-O
9.Nb3 a5 10.a3 h6 11.Bxf6 Bxf6 12.Qxd6 Bxc3 13.Qxd8 Bxb2+ 14.Kxb2 Nxd8 15.Nc5 b6
16.Na4 Rb8 17.Bb5 Bb7 18.f3 Bc6 19.c4 Bxb5 20.cxb5 Nb7 21.Rd7 Rfc8 22.Rhd1 Nc5
23.Nxc5 Rxc5 24.Rd8+ Rxd8 25.Rxd8+ Kh7 26.a4 f5 27.exf5 exf5 28.Rd6 Re5 29.Rxb6 Re2+
30.Kc3 Ra2 31.Kb3 Rxg2 32.Rc6 Rg1 33.b6 Rb1+ 34.Kc4 g5 35.Kc5 g4 36.fxg4 fxg4
37.Kd6 Rb2 38.Kc7 Rxh2 39.b7 Rb2 40.Rb6 Rc2+ 41.Kd6 Rd2+ 42.Ke5  1-0

[Event "NLD-chT9495"]
[Site "?"]
[Date "1994.??.??"]
[Round "5"]
[White "Riemersma, Liafbern"]
[Black "Van der Wiel, John TH"]
[Result "1-0"]
[WhiteElo "2440"]
[BlackElo "2570"]

1.e4 c5 2.Nf3 d6 3.d4 cxd4 4.Nxd4 Nf6 5.Nc3 Nc6 6.Bg5 e6 7.Qd2 a6 8.O-O-O h6
9.Be3 Be7 10.f4 Nxd4 11.Bxd4 b5 12.Be2 b4 13.Na4 Nxe4 14.Qe3 Nf6 15.Bf3 Rb8
16.Ba7 Bd7 17.Nb6 Bb5 18.Kb1 O-O 19.f5 Qc7 20.Bxb8 Rxb8 21.Na8 Qd8 22.Qa7 d5
23.Nc7 Bc6 24.fxe6 Rb7 25.Nxd5 Rxa7 26.Nxf6+ Bxf6 27.Rxd8+ Bxd8 28.exf7+ Rxf7
29.Bxc6 Rf2 30.a3 bxa3 31.bxa3 Bc7 32.Bf3 Kf7 33.Rd1 Ke6 34.h3 Be5 35.Rd8 Rf1+
36.Ka2 Ra1+ 37.Kb3 Bd6 38.Bg4+ Ke5 39.Kb2 Rg1 40.Bf3 a5 41.Rd7 Ke6 42.Ra7 Be5+
43.Kb3 Re1 44.Ra6+ Kf5 45.Rxa5 Re3+ 46.Kc4 Kf4 47.Kd5 Bb2 48.Ra4+ Kf5 49.Be4+ Kg5
50.c4 Rxa3 51.Rb4 Bc3 52.Rb6 Ra5+ 53.c5 Bf6 54.Re6 Kf4 55.Kd6 Bd4 56.c6 Be5+
57.Rxe5 Rxe5 58.c7 Rxe4 59.c8=Q Kg3 60.Qf5 Rf4 61.Qg6+ Kh2 62.Qxg7 Rf2 63.Qxh6 Rxg2
64.h4 Kh3 65.h5 Kh4 66.Qg6 Rg5 67.Ke6 Rxh5 68.Qg2 Rg5 69.Qh2+ Kg4 70.Kf6 Rf5+
71.Ke6 Rf3 72.Ke5 Re3+  1-0

[Event "NLD-sf"]
[Site "?"]
[Date "1994.??.??"]
[Round "7"]
[White "Van Blitterswijk, Stefan"]
[Black "Van Doeland, Julius H"]
[Result "1-0"]
[WhiteElo "2295"]
[BlackElo "2310"]

1.e4 c5 2.Nf3 d6 3.d4 cxd4 4.Nxd4 Nf6 5.Nc3 Nc6 6.Bg5 e6 7.Qd2 a6 8.O-O-O h6
9.Be3 Be7 10.f4 Bd7 11.Nf3 Qc7 12.h3 b5 13.Bd3 Na5 14.Qf2 Nc4 15.Bxc4 Qxc4
16.Rd4 Qc7 17.e5 dxe5 18.fxe5 Nd5 19.Rxd5 exd5 20.Nxd5 Qc6 21.Nxe7 Kxe7 22.Bc5+ Ke8
23.Bd6 Be6 24.Nd4 Qc4 25.b3 Qd5 26.Rd1 Qe4 27.Nxe6 fxe6 28.Rd4 Qb7 29.Rf4 Ra7
30.Bc5 Ra8 31.Qg3 g5 32.Rf6 Qd5 33.Bd6 Ra7 34.Qg4 Re7 35.Bxe7 Kxe7 36.Qh5 Qxe5
37.Rf7+ Kd6 38.Qd1+ Qd5 39.Qe1 Rc8 40.Qg3+ Kc6 41.Qe3 Kd6 42.Rf2 Qc5 43.Rd2+ Ke7
44.Qd3 Rf8 45.Qd7+ Kf6 46.Re2 Qf5 47.Re3 Rf7 48.Qd6 Qd5 49.Qxa6 Kg7 50.Qxe6 Rf1+
51.Kb2 Qd4+ 52.c3 Qd2+ 53.Ka3 Rf4 54.Qe7+ Kg8 55.Qe8+  1-0

[Event "NLD-sf"]
[Site "?"]
[Date "1994.??.??"]
[Round "8"]
[White "Hommeles, Theo"]
[Black "Riemersma, Liafbern"]
[Result "1-0"]
[WhiteElo "2240"]
[BlackElo "2440"]

1.e4 c5 2.Nf3 d6 3.d4 cxd4 4.Nxd4 Nf6 5.Nc3 Nc6 6.Bg5 e6 7.Qd2 a6 8.O-O-O h6
9.Bf4 Bd7 10.Nxc6 Bxc6 11.f3 d5 12.Qe1 Bb4 13.a3 Ba5 14.Bd2 Rc8 15.e5 Nd7
16.Qg3 Qc7 17.Qxg7 Ke7 18.Qg3 Qxe5 19.Qxe5 Nxe5 20.Nxd5+ Bxd5 21.Bxa5 Rhg8
22.Bc3 f6 23.Kb1 Nc4 24.Rd3 Rc6 25.b3 Nd6 26.Bd2 b5 27.Bxh6 Nf5 28.Bf4 Rd8
29.g4 Nh4 30.Be2 Ng6 31.Bg3 Rdc8 32.Bd1 Ne5 33.Bxe5 fxe5 34.Re1 Rh8 35.Rxe5 Rxh2
36.Rdxd5 Kf6 37.g5+ Kg6 38.Rd4 Rh1 39.Kb2  1-0

[Event "Nyiregyhaza op"]
[Site "Nyiregyhaza"]
[Date "1994.??.??"]
[Round "?"]
[White "Boros, Daniel"]
[Black "Dovzik, Juri"]
[Result "1/2-1/2"]
[WhiteElo "2255"]
[BlackElo "2375"]

1.e4 c5 2.Nf3 Nc6 3.d4 cxd4 4.Nxd4 Nf6 5.Nc3 d6 6.Bg5 e6 7.Qd2 a6 8.O-O-O Bd7
9.f4 h6 10.Bxf6 Qxf6 11.g3 Qxd4 12.Qxd4 Nxd4 13.Rxd4 Bc6 14.Bh3 g6 15.Re1 Rd8
16.Nd5 Bg7 17.Rd3 Bd7 18.Nb6 Bc6 19.a4 Ke7 20.b4 g5 21.c4 Rc8 22.Kc2 Rc7
23.Kb3 Rd8 24.b5 Be8 25.Red1 axb5 26.axb5 gxf4 27.gxf4 Rc5 28.e5 d5 29.Kb4 dxc4
30.Rxd8 Rxb5+ 31.Kxc4 Rxb6 32.R8d6 Rb2 33.R1d2 Rb1 34.Rg2 Rc1+ 35.Kb3 Bf8
36.Kb2 Re1 37.Rc2 Bc6 38.Bg2 Bxg2 39.Rxg2 f6 40.Rg6 fxe5 41.Rdxe6+ Kf7 42.Rgf6+ Kg7
43.fxe5 Rxe5 44.Rxe5 Kxf6 45.Rb5 b6 46.Rxb6+ Kg5 47.Rb3 Bd6 48.h3  1/2-1/2

[Event "Oakham"]
[Site "Oakham"]
[Date "1994.??.??"]
[Round "9"]
[White "Martin, Benjamin"]
[Black "Thorhallsson, Throstur"]
[Result "0-1"]
[WhiteElo "2400"]
[BlackElo "2470"]

1.e4 c5 2.Nf3 d6 3.d4 cxd4 4.Nxd4 Nf6 5.Nc3 Nc6 6.Bg5 e6 7.Qd2 Be7 8.O-O-O O-O
9.Nb3 Qb6 10.f3 Rd8 11.Kb1 Qc7 12.Bf4 a6 13.g4 Ne5 14.Qf2 b5 15.g5 Nfd7 16.h4 b4
17.Ne2 Nc4 18.Bc1 a5 19.f4 a4 20.Nbd4 Rb8 21.Ng3 Ndb6 22.f5 e5 23.f6 Bf8
24.fxg7 Bxg7 25.Nb5 Qc6 26.Na7 Qc7 27.Nf5 Bxf5 28.exf5 Na3+ 29.bxa3 Qd7 30.axb4 Qb7
31.Rh3 Nd5 32.b5 Rdc8 33.c4 Nb6 34.Qc2 d5 35.c5 Nc4 36.Bxc4 Rxc5 37.Rc3 dxc4
38.Ka1 Rxb5 39.Ba3 f6 40.Rxc4 e4 41.g6 hxg6 42.Rc7 Qb6 43.h5 gxh5 44.Rh1 Qd4+
45.Rc3 e3 46.Rd1 Qxd1+ 47.Qxd1 e2 48.Rc8+ Kh7  0-1

[Event "Oberwart op"]
[Site "Oberwart"]
[Date "1994.??.??"]
[Round "8"]
[White "Aseev, Konstantin N"]
[Black "Weinzettl, Ernst"]
[Result "1-0"]
[WhiteElo "2540"]
[BlackElo "2320"]

1.e4 c5 2.Nf3 d6 3.d4 cxd4 4.Nxd4 Nf6 5.Nc3 Nc6 6.Bg5 Qb6 7.Nb3 e6 8.Bxf6 gxf6
9.Qh5 Bd7 10.g3 Rc8 11.Rd1 Nb4 12.Rd2 Bg7 13.Bg2 Rxc3 14.bxc3 Nxa2 15.c4 Nb4
16.O-O Nxc2 17.Rfd1 d5 18.exd5 O-O 19.Be4  1-0

[Event "Osterskan op"]
[Site "Osterskan"]
[Date "1994.??.??"]
[Round "?"]
[White "Nouro, Mikael"]
[Black "Yrjola, Jouni"]
[Result "1/2-1/2"]
[WhiteElo "2275"]
[BlackElo "2440"]

1.e4 c5 2.Nf3 d6 3.d4 cxd4 4.Nxd4 Nf6 5.Nc3 Nc6 6.Bg5 e6 7.Qd2 a6 8.O-O-O h6
9.Be3 Be7 10.f4 Bd7 11.Bd3 b5 12.Kb1 Nxd4 13.Bxd4 Bc6 14.Rhe1 b4 15.Bxf6 Bxf6
16.Nd5 O-O 17.Nxf6+ Qxf6 18.e5 dxe5 19.Rxe5 Rfd8 20.g3 a5 21.Rde1 Bd5 22.f5 exf5
23.Qf4 Be6 24.Bxf5 Bxf5 25.Rxf5 Qd4 26.Rf1 Qxf4  1/2-1/2

[Event "Ostrava"]
[Site "Ostrava"]
[Date "1994.??.??"]
[Round "5"]
[White "Kavalek, Lubomir"]
[Black "Kortschnoj, Viktor"]
[Result "0-1"]
[WhiteElo "2550"]
[BlackElo "2615"]

1.e4 c5 2.Nf3 Nc6 3.d4 cxd4 4.Nxd4 Nf6 5.Nc3 d6 6.Bg5 e6 7.Qd2 a6 8.O-O-O h6
9.Be3 Bd7 10.f4 b5 11.Bd3 Be7 12.Kb1 b4 13.Nce2 Qc7 14.h3 Nxd4 15.Bxd4 e5
16.Bf2 a5 17.g4 Bc6 18.Ng3 g6 19.Be3 h5 20.fxe5 dxe5 21.gxh5 Nxh5 22.Nxh5 Rxh5
23.Rhf1 Rh7 24.Bg5 Rd8 25.h4 Bxg5 26.Qxg5 Qe7 27.Qe3 Rd4 28.c3 bxc3 29.bxc3 Rd6
30.Ka1 Rxh4 31.Rb1 Kf8 32.Bc4 Rf6 33.Rxf6 Qxf6 34.Qc5+ Kg7 35.Rb6 Qf4 36.Bxf7 Bxe4
37.Kb2 Qxf7 38.Qxe5+ Kh6 39.Rb8 g5 40.Qd6+ Kh7 41.Rf8 Qb7+ 42.Ka3 Bc6  0-1

[Event "Pardubice op"]
[Site "Pardubice"]
[Date "1994.??.??"]
[Round "1"]
[White "Simic, Dragan"]
[Black "Panchenko, Alexander N"]
[Result "0-1"]
[WhiteElo "2255"]
[BlackElo "2475"]

1.e4 c5 2.Nf3 d6 3.d4 cxd4 4.Nxd4 Nf6 5.Nc3 Nc6 6.Bg5 a6 7.f3 Qa5 8.h4 Bd7
9.Nb3 Qc7 10.Qd2 e6 11.O-O-O b5 12.Kb1 Ne5 13.Rc1 Be7 14.h5 h6 15.Bf4 Rc8
16.Qf2 Nc4 17.Bxc4 bxc4 18.Nd2 Qb7 19.Ka1 e5 20.Be3 d5 21.exd5 Nxd5 22.Nxd5 Qxd5
23.Nb1 c3 24.b3 O-O 25.Rcd1 Qe6 26.Rd3 Bb4 27.Rhd1 Bb5 28.Rd5 Bc6 29.R5d3 e4
30.fxe4 Bxe4 31.Rd4 Be7 32.Re1 f5 33.Ra4 Bf6 34.g4 Rfd8 35.Bd4 Rxd4 36.Rxd4 Qb6
37.Red1 Bxd4 38.Qxd4 Qxd4 39.Rxd4 Bxc2 40.Na3 Be4 41.Nc4 Rf8 42.Ne3 Re8  0-1

[Event "Pardubice op"]
[Site "Pardubice"]
[Date "1994.??.??"]
[Round "4"]
[White "Zezulkin, Jurij"]
[Black "Ryskin, Alexander"]
[Result "1/2-1/2"]
[WhiteElo "2410"]
[BlackElo "2515"]

1.e4 c5 2.Nf3 d6 3.d4 cxd4 4.Nxd4 Nf6 5.Nc3 Nc6 6.Bg5 e6 7.Qd2 a6 8.O-O-O Bd7
9.f3 b5 10.Kb1 Nxd4 11.Qxd4 h6 12.Be3 Qc7 13.f4 Bc6 14.Be2 Rd8 15.Bf3 Be7
16.g4 Qb7 17.g5 hxg5 18.fxg5 b4 19.Nd5 exd5 20.exd5 Nxd5 21.Bxd5 Bxd5 22.Qxd5 Qxd5
23.Rxd5 Rh3 24.Bf4 Rf3 25.Bg3 Kd7 26.Ra5 Ra8 27.Re1 g6 28.Kc1 Rc8 29.Rd5 Bf8
30.Red1 Rc6 31.Kd2 Ke6 32.Ke2 Rf5 33.Rxf5 Kxf5 34.Rf1+ Ke6 35.Kd3 Bg7 36.Be1 Bxb2
37.Bxb4 Be5 38.h3 Rc8 39.c4 Rh8 40.Rf3 Rh4 41.Bc3  1/2-1/2

[Event "Pardubice op2"]
[Site "Pardubice"]
[Date "1994.??.??"]
[Round "6"]
[White "Vesely, Tomas"]
[Black "Krafka, J."]
[Result "1/2-1/2"]
[WhiteElo "2030"]
[BlackElo "1900"]

1.e4 c5 2.Nf3 Nc6 3.d4 cxd4 4.Nxd4 d6 5.Nc3 Nf6 6.Bg5 e6 7.Qd2 Be7 8.O-O-O a6
9.f4 d5 10.exd5 Nxd5 11.Nxd5 Qxd5 12.Bxe7 Qxd4 13.Qxd4 Nxd4 14.Bc5 Nc6 15.Be2 Bd7
16.Rd2 Ne7 17.Bf3 Bc6 18.Bxc6+ Nxc6 19.Bb6 Rc8 20.Rhd1 Nb8 21.c3 O-O 22.Rd8 Rfxd8
23.Rxd8+ Rxd8 24.Bxd8 Kf8 25.Kd2 Nc6 26.Bb6 f6 27.Kd3 Ke7 28.b4 Kd7 29.a4 Ne7
30.c4 Nc8 31.Bf2 h6 32.a5 Kc6 33.Bc5 Nd6 34.Bxd6 Kxd6 35.Kd4 Kc6 36.g4 g5
37.fxg5 hxg5 38.Ke4 Kd6 39.h3 Kc6 40.Kf3 Kd6 41.Ke4 Kc6 42.Kd3 f5 43.Ke3 f4+
44.Kf3 e5 45.Ke4 b6 46.axb6 Kxb6 47.Kf3 a5 48.bxa5+ Kxa5 49.h4 gxh4 50.g5 h3
51.g6 e4+ 52.Kxf4 h2  1/2-1/2